Score 0/20 Timer 05:00
1 Play Today
Question Answer Wrong Answers
The _____ Musketeers
Alexandre Dumas
3 - Odd
95.2%
3 - Even
1%
A Tale of _____ Cities
Charles Dickens
2 - Even
93.7%
2 - Odd
2.4%
_____ Flew Over the Cuckoo's Nest
Ken Kesey
1 - Odd
93.3%
1 - Even
2.8%
Around the World in _______ Days
Jules Verne
80 - Even
92.9%
80 - Odd
3.2%
_____ Shades of Grey
E.L. James
50 - Even
91.9%
50 - Odd
4.4%
Catch-______
Joseph Heller
22 - Even
90.7%
22 - Odd
5.4%
_____: A Space Odyssey
Arthur C. Clarke
2001 - Odd
90.7%
2001 - Even
5.3%
Fahrenheit _____
Ray Bradbury
451 - Odd
90.4%
451 - Even
5.7%
Slaughterhouse-_____
Kurt Vonnegut
5 - Odd
89.5%
5 - Even
6.5%
________ Leagues Under the Sea
Jules Verne
20,000 - Even
89.4%
20,000 - Odd
6.7%
_______
George Orwell
1984 - Even
88.9%
1984 - Odd
7.2%
_______ Years a Slave
Solomon Northup
12 - Even
79.4%
12 - Odd
16.8%
A _______ Splendid Suns
Khaled Hosseini
1,000 - Even
77.8%
1,000 - Odd
17.9%
________ Years of Solitude
Gabriel García Márquez
100 - Even
76.7%
100 - Odd
19.4%
The Power of the _____ Habits
Stephen Covey
7 - Odd
76.2%
7 - Even
19.3%
The ______ Steps
John Buchan
39 - Odd
74.6%
39 - Even
21.3%
______ Reasons Why
Jay Asher
13 - Odd
73.6%
13 - Even
22.6%
________ Theses
Martin Luther
95 - Odd
71.5%
95 - Even
24.2%
A _______ Little Pieces
James Frey
1,000,000 - Even
69.9%
1,000,000 - Odd
25.8%
The First _____ Years
Laura Ingalls Wilder
4 - Even
52.7%
4 - Odd
43%
Remove Ads.
Support Sporcle.
Get the best of Sporcle when you Go Orange. This ad-free experience offers more features, more stats, and more fun while also helping to support Sporcle. Thank you for becoming a member.

You're not logged in!

Compare scores with friends on all Sporcle quizzes.
OR
Log In

Show Comments

Extras

Top Quizzes Today


Score Distribution

Your Account Isn't Verified!

In order to create a playlist on Sporcle, you need to verify the email address you used during registration. Go to your Sporcle Settings to finish the process.

Report this User

Report this user for behavior that violates our Community Guidelines.

Details: